000 00315nam a2200133Ia 4500
008 240624s9999 xx 000 0 und d
041 _aeng
082 _a823 BHU
100 _aBHUSHAN AMAR
245 _aESCAPE TO NO WHERE
260 _c2012
_aNew Delhi
_bKonark Publishers
300 _a334 : p.
365 _cRS
_b25
999 _c19465
_d19465